Statistiques concernant Plus Grandes Villes Centre Val de Loire

Cliquez ici pour prendre le quiz!

Statistiques générales

  • Ce quiz a été pris 229 fois
  • Le résultat moyen est 12 sur 21

Statistiques - réponses

DépartementVille
Population
(en milliers)
% Correct
LoiretOrléans116
99%
Indre et LoireTours136
99%
IndreChâteauroux43
95%
CherBourges64
94%
Loir et CherBlois45
93%
Eure et LoireChartres38
91%
Indre et LoireJoué les Tours38
66%
CherVierzon25
65%
Eure et LoireDreux30
64%
LoiretMontargis14
61%
Loir et CherVendôme16
53%
LoiretOlivet22
49%
Indre et LoireSaint Pierre des Corps15
47%
Loir et CherRomorantin Lanthenay17
45%
LoiretFleury les Aubrais21
41%
LoiretSaran16
38%
LoiretSaint Jean de Braye21
36%
LoiretSaint Jean de la Ruelle16
36%
Indre et LoireSaint Cyr sur Loire15
32%
Eure et LoireLucé15
22%
Indre et LoireSaint Avertin14
22%

Distribution des résultats

Percentile par nombre de réponses

% des personnes avec chaque résultat

Votre développement - résultats

Vous n’avez pas pris ce quiz